[Event "75. LJUBLJANSKA LIGA 2023"]
[Site " gostovanja"]
[Date "2023.03.16"]
[Round "8.1"]
[White "Osolin, Bojan"]
[Black "Ocepek, Martin"]
[Result "0-1"]
[WhiteElo "2080"]
[BlackElo "2099"]
[PlyCount "88"]
[EventDate "2023.03.16"]
[WhiteTeam "SD DOMZALE"]
[BlackTeam "SK ZAGORJE"]

1. e4 e6 2. d4 d5 3. Nd2 Nf6 4. e5 Nfd7 5. Bd3 c5 6. c3 Nc6 7. Ne2 cxd4 8. cxd4
Qb6 9. O-O Nxd4 10. Nxd4 Qxd4 11. Nf3 Qb6 12. Qa4 Qb4 13. Qc2 Qc5 14. Qe2 Be7
15. Be3 Qa5 16. a3 O-O 17. Rfc1 Qd8 18. Qc2 f5 19. exf6 Nxf6 20. Bd4 h6 21. Ne5
Bd6 22. Re1 Bxe5 23. Bxe5 Ng4 24. Bg3 e5 25. Qb3 Kh8 26. Rad1 Qa5 27. h3 e4 28.
hxg4 exd3 29. f3 Qc5+ 30. Kh2 Qc4 31. Qxd3 Qxd3 32. Rxd3 Bd7 33. Rxd5 Bc6 34.
Rd6 Rad8 35. Rg6 Kh7 36. Ree6 Be8 37. Bh4 Bxg6 38. Bxd8 Rxd8 39. Re7 Rb8 40. f4
Be8 41. f5 Kg8 42. Kh3 Kf8 43. Rc7 Bc6 44. Kh4 Re8 0-1

[Event "75. LJUBLJANSKA LIGA 2023"]
[Site " gostovanja"]
[Date "2023.03.16"]
[Round "8.4"]
[White "Brvar, Anze"]
[Black "Zmaucar, Miha"]
[Result "0-1"]
[WhiteElo "1781"]
[BlackElo "1635"]
[PlyCount "66"]
[EventDate "2023.03.16"]
[WhiteTeam "SK ZAGORJE"]
[BlackTeam "SD DOMZALE"]

1. d4 Nf6 2. Bg5 Ne4 3. Bh4 d5 4. Nd2 Bf5 5. e3 c6 6. f3 Nxd2 7. Qxd2 Nd7 8. c4
f6 9. Bd3 Bxd3 10. Qxd3 e5 11. cxd5 Qa5+ 12. Kf2 Qxd5 13. Ne2 O-O-O 14. Nc3 Qe6
15. dxe5 Nxe5 16. Qe2 Bc5 17. Ne4 Ng4+ 18. Ke1 Bb6 19. a4 Rhe8 20. a5 Bxe3 21.
Rd1 Rxd1+ 22. Qxd1 Bc5 23. h3 f5 24. hxg4 fxe4 25. f4 e3 26. Qe2 Qe4 27. Kf1
Qxf4+ 28. Kg1 Rf8 29. Be1 h6 30. Rh3 Qf1+ 31. Qxf1 e2+ 32. Qf2 Rxf2 33. Bxf2
e1=Q+ 0-1

[Event "75. LJUBLJANSKA LIGA 2023"]
[Site " gostovanja"]
[Date "2023.03.15"]
[Round "8.1"]
[White "Lah, Emil"]
[Black "Siraj, Svit"]
[Result "1/2-1/2"]
[WhiteElo "1951"]
[BlackElo "2088"]
[PlyCount "75"]
[EventDate "2023.03.16"]
[WhiteTeam "SK TRZIN BUSCOTRADE"]
[BlackTeam "SD VRHNIKA"]

1. e4 e5 2. Nf3 Nc6 3. Bc4 Bc5 4. c3 Nf6 5. d3 d6 6. Bg5 O-O 7. O-O Bb6 8. Nbd2
Re8 9. h3 h6 10. Be3 Ne7 11. Bxb6 axb6 12. Re1 Ng6 13. Qb3 Re7 14. d4 c6 15.
dxe5 dxe5 16. Rad1 b5 17. Bf1 Qc7 18. a3 Be6 19. Qc2 Rd8 20. c4 bxc4 21. Nxc4
Rxd1 22. Rxd1 Bxc4 23. Bxc4 Nf4 24. Kh2 Qc8 25. Bf1 g5 26. g3 Ng6 27. Ne1 Nd7
28. Be2 Nf6 29. Ng2 Rd7 30. Ne3 Rxd1 31. Bxd1 Qd7 32. Bf3 Ne8 33. Nf5 Kh7 34.
Kg2 Ng7 35. Ne3 Ne6 36. Nf5 Ng7 37. Ne3 Ne6 38. Nf5 1/2-1/2

[Event "75. LJUBLJANSKA LIGA 2023"]
[Site " gostovanja"]
[Date "2023.03.15"]
[Round "8.2"]
[White "Racnik, Tone"]
[Black "Krupenko, Peter"]
[Result "0-1"]
[WhiteElo "1877"]
[BlackElo "1976"]
[PlyCount "58"]
[EventDate "2023.03.16"]
[WhiteTeam "SD VRHNIKA"]
[BlackTeam "SK TRZIN BUSCOTRADE"]

1. e4 e5 2. Nf3 Nf6 3. Nc3 Nc6 4. Bc4 Bc5 5. d3 h6 6. O-O O-O 7. a3 a5 8. Nd5
d6 9. Be3 Ba7 10. c3 Nxd5 11. exd5 Ne7 12. b4 Bg4 13. h3 Bh5 14. g4 Bg6 15. Qe1
f5 16. Bxa7 fxg4 17. Nxe5 Rxa7 18. Nxg6 Nxg6 19. Qe6+ Kh7 20. Qxg4 Rf4 21. Qg3
Qf6 22. d4 Rf3 23. Qg4 axb4 24. cxb4 Raxa3 25. Rxa3 Rxa3 26. Rd1 Nf4 27. Bf1 h5
28. Qd7 Qg5+ 29. Kh2 Ra2 0-1

[Event "75. LJUBLJANSKA LIGA 2023"]
[Site " gostovanja"]
[Date "2023.03.15"]
[Round "8.3"]
[White "Krumpak, Hinko"]
[Black "Sirk, Matija"]
[Result "1-0"]
[WhiteElo "2043"]
[BlackElo "1535"]
[PlyCount "109"]
[EventDate "2023.03.16"]
[WhiteTeam "SK TRZIN BUSCOTRADE"]
[BlackTeam "SD VRHNIKA"]

1. b3 e5 2. Bb2 Nc6 3. e3 g6 4. f4 Bg7 5. Nf3 f6 6. fxe5 fxe5 7. Bb5 Nge7 8.
O-O O-O 9. e4 d6 10. Bc4+ d5 11. exd5 Nxd5 12. Nc3 Be6 13. Ne4 Nf4 14. Bxe6+
Nxe6 15. Qe2 Qd5 16. Qc4 Qxc4 17. bxc4 Ncd4 18. Nxd4 exd4 19. Ba3 Rxf1+ 20.
Rxf1 b6 21. Nf6+ Bxf6 22. Rxf6 Re8 23. d3 Kg7 24. Rf1 Ng5 25. Bc1 Nf7 26. Bf4
Re2 27. Rc1 Re7 28. Kf2 Nd8 29. Re1 Rf7 30. Kg3 Nb7 31. Be5+ Kf8 32. Bxd4 Nd6
33. Be5 Nf5+ 34. Kh3 h5 35. g4 hxg4+ 36. Kxg4 Re7 37. Kg5 Kf7 38. Re4 a6 39. h4
Nd6 40. Bxd6 Rxe4 41. dxe4 cxd6 42. a4 a5 43. c3 Kg7 44. Kf4 Kf6 45. Ke3 Ke5
46. Kd3 Kf6 47. Kd4 Ke7 48. Kd5 Kd7 49. e5 dxe5 50. Kxe5 Ke7 51. Kd5 Kd7 52. c5
b5 53. c6+ Kc7 54. axb5 a4 55. Kc4 1-0

[Event "75. LJUBLJANSKA LIGA 2023"]
[Site " gostovanja"]
[Date "2023.03.15"]
[Round "8.4"]
[White "Novak, Robert"]
[Black "Rojs, Igor"]
[Result "1/2-1/2"]
[WhiteElo "1675"]
[BlackElo "1935"]
[PlyCount "147"]
[EventDate "2023.03.16"]
[WhiteTeam "SD VRHNIKA"]
[BlackTeam "SK TRZIN BUSCOTRADE"]

1. d4 e5 2. dxe5 Nc6 3. Nf3 Qe7 4. c3 Nxe5 5. e4 d6 6. Bf4 Nf6 7. Nbd2 Ng6 8.
Bg5 h6 9. Bxf6 Qxf6 10. Bc4 Be7 11. O-O O-O 12. Re1 Re8 13. Qb3 Rb8 14. a4 Ne5
15. Nxe5 dxe5 16. Nf3 Bd6 17. Rad1 Bg4 18. Be2 Bc5 19. h3 Bh5 20. Rd3 Bg6 21.
Qc4 Qb6 22. Rf1 Qxb2 23. Nh4 Qxe2 24. Nxg6 b6 25. Nxe5 Qh5 26. Nd7 Rbd8 27.
Nxc5 Qxc5 28. Qxc5 bxc5 29. Re3 Rd6 30. Rb1 Ra6 31. Ra1 c4 32. e5 Ra5 33. Re4
Rexe5 34. Rxc4 Rec5 35. Rxc5 Rxc5 36. Ra3 Kf8 37. Kf1 Ke7 38. Ke2 Kd6 39. Kd3
Kc6 40. Rb3 Rd5+ 41. Ke4 a5 42. Rb8 Rd2 43. Ke3 Rc2 44. Rf8 f6 45. Rf7 Rxc3+
46. Ke2 Rc4 47. Rxg7 Rxa4 48. Rg6 Re4+ 49. Kd3 Re6 50. Rxh6 Kb5 51. g4 a4 52.
g5 Rd6+ 53. Kc3 fxg5 54. Rh7 c5 55. Rb7+ Rb6 56. Rg7 Rf6 57. Rxg5 Rf3+ 58. Kb2
Rxf2+ 59. Kb1 Rh2 60. Rh5 Kb4 61. Rh8 a3 62. h4 Kb3 63. Rb8+ Kc3 64. Ra8 a2+
65. Ka1 c4 66. Ra3+ Kd4 67. h5 c3 68. Ra8 Rxh5 69. Kxa2 Rb5 70. Rh8 Rb2+ 71.
Ka1 Kd3 72. Rh3+ Kd2 73. Rxc3 Rb4 74. Rc5 1/2-1/2

[Event "75. LJUBLJANSKA LIGA 2023"]
[Site " gostovanja"]
[Date "2023.03.16"]
[Round "8.1"]
[White "Keber, Aljosa"]
[Black "Sfiligoj, Anze"]
[Result "1-0"]
[WhiteElo "1876"]
[BlackElo "1688"]
[PlyCount "101"]
[EventDate "2023.03.16"]
[WhiteTeam "SK KOMENDA POGI"]
[BlackTeam "SK LJUBLJANA"]

1. e4 e5 2. Nf3 Nc6 3. Bb5 a6 4. Ba4 Nf6 5. O-O b5 6. Bb3 Bc5 7. c3 d6 8. d4
Bb6 9. Re1 Bg4 10. Bd5 Nxd5 11. exd5 Ne7 12. dxe5 dxe5 13. Rxe5 O-O 14. h3 f6
15. Re1 Bh5 16. d6 cxd6 17. Bf4 d5 18. Na3 Nc6 19. Nc2 Qd7 20. Qd3 Bg6 21. Qd2
Rfe8 22. Be3 Bc7 23. Rad1 Be4 24. Ncd4 Ne5 25. Nxe5 fxe5 26. Nb3 Rad8 27. f3
Bxf3 28. gxf3 Qxh3 29. Qg2 Qf5 30. Qg4 Qf7 31. Re2 Re6 32. Rg2 Rg6 33. Qh3
Rxg2+ 34. Qxg2 a5 35. Rd2 a4 36. Nc1 d4 37. cxd4 exd4 38. Bxd4 Bf4 39. Rc2 h6
40. Ne2 Qd7 41. a3 Be3+ 42. Bxe3 Qd1+ 43. Kf2 Qxc2 44. Bxh6 Qxb2 45. Bg5 Rf8
46. Be7 Re8 47. Qg5 b4 48. Qd5+ Kh8 49. Qh5+ Kg8 50. Qxe8+ Kh7 51. Bxb4 1-0

[Event "75. LJUBLJANSKA LIGA 2023"]
[Site " gostovanja"]
[Date "2023.03.16"]
[Round "8.2"]
[White "Babic, Miroslav"]
[Black "Cimperman, Teo"]
[Result "1-0"]
[WhiteElo "1655"]
[BlackElo "1532"]
[PlyCount "119"]
[EventDate "2023.03.16"]
[WhiteTeam "SK LJUBLJANA"]
[BlackTeam "SK KOMENDA POGI"]

1. e4 e5 2. Nf3 Nc6 3. Bc4 Bc5 4. c3 d6 5. O-O Bg4 6. d3 Nf6 7. a4 a6 8. Bg5 h6
9. Be3 Bb6 10. b4 O-O 11. Nbd2 Kh8 12. a5 Ba7 13. Bxa7 Nxa7 14. Qb3 Qd7 15. Qa4
Qxa4 16. Rxa4 Nb5 17. Bxb5 axb5 18. Ra3 Nh5 19. h3 Be6 20. c4 bxc4 21. dxc4 Nf4
22. Rfa1 Ra7 23. Kh2 Rfa8 24. Ng1 Bd7 25. g3 Ne6 26. Ne2 b5 27. axb6 Rxa3 28.
Rxa3 Bc6 29. Rxa8+ Bxa8 30. bxc7 Nxc7 31. f4 f6 32. b5 Ne6 33. h4 Nc5 34. Nc3
Kg8 35. Kg1 Kf7 36. Kf2 g6 37. Ke3 Ke6 38. h5 gxh5 39. f5+ Kf7 40. Nd5 Bxd5 41.
exd5 Ke7 42. Nf1 Ke8 43. Nd2 Ke7 44. b6 Kd7 45. Nb1 Kc8 46. Nc3 Kd8 47. Nb5 Kd7
48. Kf3 Nb7 49. Kg2 Nc5 50. Kh3 e4 51. Kg2 h4 52. gxh4 h5 53. Kf2 Ke7 54. Ke3
Na6 55. Kxe4 Kd7 56. Kd4 Ke7 57. Nc3 Kd8 58. Ne4 Ke7 59. b7 Nb8 60. c5 1-0

[Event "75. LJUBLJANSKA LIGA 2023"]
[Site " gostovanja"]
[Date "2023.03.16"]
[Round "8.3"]
[White "Macek, Inti"]
[Black "Glavac, Leo"]
[Result "0-1"]
[WhiteElo "1512"]
[BlackElo "1325"]
[PlyCount "51"]
[EventDate "2023.03.16"]
[WhiteTeam "SK KOMENDA POGI"]
[BlackTeam "SK LJUBLJANA"]

1. e4 e5 2. Nf3 Nc6 3. Bc4 Bc5 4. d3 h6 5. c3 Nf6 6. b4 Bb6 7. b5 Na5 8. Nxe5
d5 9. exd5 Nxc4 10. dxc4 Qe7 11. Qe2 O-O 12. Nd3 Qd8 13. O-O Re8 14. Qd1 Bg4
15. Qc2 Re2 16. Nd2 Bf5 17. h3 Ne4 18. Qd1 Nxc3 19. Qb3 Qf6 20. Nf4 Bd4 21. Nf3
Rae8 22. Nh5 Qb6 23. Nxd4 Qxd4 24. Ng3 Bd3 25. Bb2 Rxb2 26. Qd1 0-1

[Event "75. LJUBLJANSKA LIGA 2023"]
[Site " gostovanja"]
[Date "2023.03.16"]
[Round "8.4"]
[White "Setina, Miha"]
[Black "Perme, Lojze"]
[Result "1-0"]
[WhiteElo "1000"]
[BlackElo "1094"]
[PlyCount "89"]
[EventDate "2023.03.16"]
[WhiteTeam "SK LJUBLJANA"]
[BlackTeam "SK KOMENDA POGI"]

1. e4 e5 2. Nf3 Nc6 3. c3 Bc5 4. Bb5 Nf6 5. d4 exd4 6. Nxd4 Nxe4 7. O-O Bxd4 8.
cxd4 Qf6 9. Be3 O-O 10. Nc3 Nxc3 11. bxc3 d5 12. Qb3 Rd8 13. Rfd1 a6 14. Qa4
Bd7 15. Bxc6 Bxc6 16. Qc2 Rd6 17. Re1 Bd7 18. Qd2 Re8 19. Bf4 Rxe1+ 20. Rxe1
Rc6 21. Qe2 Re6 22. Be5 Qd8 23. Qf3 f6 24. Qxd5 fxe5 25. Rxe5 Qe7 26. f4 c6 27.
Qc4 b5 28. Qb3 Kh8 29. a4 Rxe5 30. fxe5 c5 31. axb5 Bxb5 32. Qd5 cxd4 33. Qxd4
h6 34. Kf2 Qd7 35. Ke3 a5 36. c4 Bc6 37. c5 Qxd4+ 38. Kxd4 Bxg2 39. e6 Bc6 40.
Ke5 a4 41. e7 a3 42. Kd6 Ba4 43. c6 a2 44. e8=Q+ Kh7 45. Qe4+ 1-0

[Event "75. LJUBLJANSKA LIGA 2023"]
[Site " gostovanja"]
[Date "2023.03.16"]
[Round "8.1"]
[White "Veskovic, Dzemal"]
[Black "Jukan, Nesib"]
[Result "0-1"]
[WhiteElo "1876"]
[BlackElo "1946"]
[PlyCount "96"]
[EventDate "2023.03.16"]
[WhiteTeam "SD  MENGES-TRZIN"]
[BlackTeam "SK TRZIN BUSCOTRADE"]

1. e4 e5 2. Nc3 Nf6 3. Bc4 Nc6 4. d3 Bb4 5. Bd2 d6 6. h3 Na5 7. Bb5+ c6 8. Ba4
b5 9. Bb3 Nxb3 10. axb3 Be6 11. Nf3 h6 12. O-O O-O 13. Ne2 a5 14. Ng3 Qc7 15.
Bxb4 axb4 16. Qd2 c5 17. Nh4 Qd7 18. Nhf5 Kh7 19. Rab1 Ng8 20. f4 g6 21. Ne3
exf4 22. Rxf4 d5 23. exd5 Bxd5 24. Nxd5 Qxd5 25. Qf2 f5 26. h4 Nf6 27. Qf3 h5
28. c4 bxc4 29. Rxc4 Qd6 30. Rbc1 Ng4 31. Nf1 Ne5 32. Qb7+ Kh6 33. Rxc5 Qd4+
34. Kh1 Qxh4+ 35. Kg1 Nxd3 36. Rc7 Qd4+ 37. Kh2 Nxc1 38. Rh7+ Kg5 39. Qe7+ Rf6
40. Ne3 Qd6+ 41. g3 Qxe7 42. Rxe7 Nxb3 43. Ng2 Ra2 44. Nf4 Rxb2+ 45. Kh3 Rd6
46. Rg7 Nd4 47. Rg8 Nf3 48. g4 Ng1+ 0-1

[Event "75. LJUBLJANSKA LIGA 2023"]
[Site " gostovanja"]
[Date "2023.03.16"]
[Round "8.2"]
[White "Lanjscek, Miha"]
[Black "Simicak, Metod"]
[Result "1/2-1/2"]
[WhiteElo "1812"]
[BlackElo "1704"]
[PlyCount "54"]
[EventDate "2023.03.16"]
[WhiteTeam "SK TRZIN BUSCOTRADE"]
[BlackTeam "SD  MENGES-TRZIN"]

1. d4 e6 2. c4 d5 3. Nc3 Bb4 4. cxd5 Qxd5 5. Nf3 Nc6 6. e3 e5 7. Bd2 Bxc3 8.
Bxc3 e4 9. Nd2 Be6 10. Bc4 Qd7 11. Qb3 Bxc4 12. Nxc4 Nd8 13. Ne5 Qe6 14. O-O f6
15. Nc4 Qd5 16. Rac1 Ne7 17. Bb4 Ndc6 18. Bxe7 Nxe7 19. Nd2 Qxb3 20. axb3 O-O-O
21. Nxe4 b6 22. Rc4 Kb7 23. Rfc1 Rd7 24. Rb4 Ka8 25. Rbc4 Kb7 26. Rb4 Kc8 27.
Rbc4 Kb7 1/2-1/2

[Event "75. LJUBLJANSKA LIGA 2023"]
[Site " gostovanja"]
[Date "2023.03.16"]
[Round "8.3"]
[White "Grasic, Marjan"]
[Black "Konvalinka, Kostja"]
[Result "0-1"]
[WhiteElo "1664"]
[BlackElo "1686"]
[PlyCount "54"]
[EventDate "2023.03.16"]
[WhiteTeam "SD  MENGES-TRZIN"]
[BlackTeam "SK TRZIN BUSCOTRADE"]

1. e4 c5 2. Nf3 d6 3. Bb5+ Bd7 4. Bxd7+ Qxd7 5. O-O Nc6 6. d4 cxd4 7. Nxd4 Nf6
8. Re1 e6 9. Bg5 Be7 10. Nc3 O-O 11. Nxc6 Qxc6 12. Qd3 a6 13. Ne2 Rac8 14. Nd4
Qc5 15. c3 Qxg5 16. Re3 Nh5 17. Nf3 Qg6 18. Rae1 b5 19. Nd4 Bf6 20. Qd2 Bg5 21.
Nf3 Bxe3 22. Qxe3 Qf6 23. h3 Nf4 24. Kh2 Ng6 25. g3 Ne5 26. Nxe5 Qxe5 27. f4
Qc5 0-1

[Event "75. LJUBLJANSKA LIGA 2023"]
[Site " gostovanja"]
[Date "2023.03.16"]
[Round "8.4"]
[White "Banko, Franci"]
[Black "Ocepek, Marjan"]
[Result "0-1"]
[WhiteElo "1414"]
[BlackElo "1610"]
[PlyCount "106"]
[EventDate "2023.03.16"]
[WhiteTeam "SK TRZIN BUSCOTRADE"]
[BlackTeam "SD  MENGES-TRZIN"]

1. d4 d5 2. c4 e6 3. Nc3 Bb4 4. Nf3 Nf6 5. a3 Be7 6. Ne5 Nbd7 7. cxd5 exd5 8.
g3 O-O 9. Bg2 c6 10. O-O h6 11. Qc2 Bd6 12. f4 Re8 13. e4 dxe4 14. Nxe4 Nxe4
15. Bxe4 Nf6 16. Nxf7 Kxf7 17. Bg6+ Kg8 18. Bxe8 Qxe8 19. Bd2 Qh5 20. Bb4 Bc7
21. Rae1 Bf5 22. Qb3+ Nd5 23. Bd2 Rb8 24. Qd1 Bg4 25. Qb3 Bf5 26. Qf3 Bg4 27.
Qb3 Bf5 28. Qa2 Qg4 29. b4 Be6 30. Qc2 Bf5 31. Qb2 h5 32. Qb3 a6 33. a4 Be6 34.
Qf3 Qf5 35. Qd1 Bd6 36. Qb1 Qg4 37. f5 Qxd4+ 38. Rf2 Bf7 39. Re4 Qb6 40. Kg2
Nf6 41. Re1 Bd5+ 42. Rf3 Bxf3+ 43. Kxf3 Qd4 44. Qa2+ Qd5+ 45. Qxd5+ Nxd5 46.
Rb1 Re8 47. b5 Re5 48. g4 hxg4+ 49. Kxg4 Nf6+ 50. Kh3 axb5 51. axb5 Rxb5 52.
Rxb5 cxb5 53. Kh4 Bxh2 0-1

[Event "75. LJUBLJANSKA LIGA 2023"]
[Site " gostovanja"]
[Date "2023.03.16"]
[Round "8.1"]
[White "Skok, Boris"]
[Black "Bandelj, Mirko"]
[Result "1-0"]
[WhiteElo "1944"]
[BlackElo "1952"]
[PlyCount "41"]
[EventDate "2023.03.16"]
[WhiteTeam "SD CRNI GRABEN"]
[BlackTeam "SK DOL PRI LJUBLJANI"]

1. d4 d5 2. c4 c6 3. Nf3 Nf6 4. cxd5 cxd5 5. Nc3 e6 6. Bf4 a6 7. e3 Nc6 8. Bd3
Bd6 9. Bxd6 Qxd6 10. O-O O-O 11. Rc1 e5 12. dxe5 Nxe5 13. Be2 Re8 14. Qd4 Nfg4
15. Nxe5 Nxe5 16. Nxd5 Nc6 17. Qc5 Qg6 18. Rfd1 Rb8 19. Nf4 Qe4 20. Qd6 Qe5 21.
Rxc6 1-0

[Event "75. LJUBLJANSKA LIGA 2023"]
[Site " gostovanja"]
[Date "2023.03.16"]
[Round "8.2"]
[White "Kosem, Rok"]
[Black "Hribar, Janez"]
[Result "1/2-1/2"]
[WhiteElo "1588"]
[BlackElo "1894"]
[PlyCount "82"]
[EventDate "2023.03.16"]
[WhiteTeam "SK DOL PRI LJUBLJANI"]
[BlackTeam "SD CRNI GRABEN"]

1. c4 Nf6 2. Nc3 c5 3. g3 g6 4. Bg2 Bg7 5. Nf3 Nc6 6. Rb1 O-O 7. a3 d5 8. cxd5
Nxd5 9. Nxd5 Qxd5 10. O-O Qa2 11. Qc2 Be6 12. d4 cxd4 13. Nd2 Rac8 14. Be4 Ne5
15. Qa4 d3 16. exd3 Rfd8 17. d4 Nc4 18. Bxb7 Nxd2 19. Bxd2 Rxd4 20. Qa5 Rcd8
21. Bc3 R4d7 22. Bc6 Bxc3 23. bxc3 Rd6 24. Rb7 Bh3 25. Bg2 Qe6 26. Bxh3 Qxh3
27. Rxe7 Rd1 28. Ree1 R8d5 29. Qxa7 Rd7 30. Qa8+ Rd8 31. Qb7 R1d7 32. Qc6 Qg4
33. Kg2 h5 34. Re3 Kg7 35. h3 Qf5 36. Qf3 Qc5 37. Ra1 Ra7 38. c4 Ra4 39. Rae1
Rd4 40. Re7 Qxc4 41. Qe3 Qd5+ 1/2-1/2

[Event "75. LJUBLJANSKA LIGA 2023"]
[Site " gostovanja"]
[Date "2023.03.16"]
[Round "8.3"]
[White "Majcen, Zoran"]
[Black "Mavrel, Franc"]
[Result "1-0"]
[WhiteElo "1802"]
[BlackElo "1664"]
[PlyCount "46"]
[EventDate "2023.03.16"]
[WhiteTeam "SD CRNI GRABEN"]
[BlackTeam "SK DOL PRI LJUBLJANI"]

1. e4 e5 2. d4 exd4 3. Qxd4 Nc6 4. Qe3 g6 5. Bd2 Bg7 6. Nc3 Nge7 7. O-O-O d6 8.
Bc4 Ne5 9. Bb3 O-O 10. h4 Ng4 11. Qg3 Bh6 12. Bxh6 Nxh6 13. h5 Bg4 14. hxg6
Bxd1 15. Rxh6 hxg6 16. Kxd1 Kg7 17. Rh3 Rh8 18. f4 Rxh3 19. Nxh3 f6 20. Ne2 d5
21. exd5 Nxd5 22. Kc1 Qd6 23. Nd4 c6 1-0

[Event "75. LJUBLJANSKA LIGA 2023"]
[Site " gostovanja"]
[Date "2023.03.16"]
[Round "8.4"]
[White "Kampus, Vid"]
[Black "Erazem, Franc"]
[Result "1-0"]
[WhiteElo "1388"]
[BlackElo "1480"]
[PlyCount "33"]
[EventDate "2023.03.16"]
[WhiteTeam "SK DOL PRI LJUBLJANI"]
[BlackTeam "SD CRNI GRABEN"]

1. e4 c5 2. Nc3 g6 3. g3 Bg7 4. Bg2 d6 5. f4 Nc6 6. d3 a6 7. Nf3 Rb8 8. O-O f5
9. Bd2 Nf6 10. e5 dxe5 11. Nxe5 Nxe5 12. fxe5 Qd4+ 13. Kh1 Ng4 14. Qe2 Bxe5 15.
Rae1 Bd6 16. Rf4 Bxf4 17. Qxe7# 1-0

[Event "75. LJUBLJANSKA LIGA 2023"]
[Site " gostovanja"]
[Date "2023.03.16"]
[Round "8.1"]
[White "Baric, Dusan"]
[Black "Butala, Marjan"]
[Result "0-1"]
[WhiteElo "1979"]
[BlackElo "1885"]
[PlyCount "66"]
[EventDate "2023.03.16"]
[WhiteTeam "SK VISNJA GORA - STICNA"]
[BlackTeam "KPSRD KAREL JERAJ LJUBLJANA"]

1. e4 Nf6 2. e5 Nd5 3. d4 d6 4. Nf3 Bg4 5. Be2 e6 6. O-O Be7 7. b3 O-O 8. c4
Nb6 9. Bb2 d5 10. c5 N6d7 11. h3 Bf5 12. Nh2 a5 13. f4 b6 14. cxb6 Nxb6 15. Nd2
a4 16. a3 c5 17. dxc5 Bxc5+ 18. Kh1 axb3 19. Nxb3 Qe7 20. Nxc5 Qxc5 21. Rc1 Qe7
22. Qb3 N8d7 23. Rc7 Rfb8 24. Qc3 Na4 25. Qc6 Nxb2 26. Rxd7 Qxa3 27. Rc7 Rf8
28. Nf3 Qe3 29. Ng1 g6 30. Rb7 Nd3 31. Bxd3 Qxd3 32. Qb5 Qxb5 33. Rxb5 Bd3 0-1

[Event "75. LJUBLJANSKA LIGA 2023"]
[Site " gostovanja"]
[Date "2023.03.16"]
[Round "8.2"]
[White "Mlacnik, Janez"]
[Black "Jancigaj, Saso Valentin"]
[Result "1/2-1/2"]
[WhiteElo "1832"]
[BlackElo "1683"]
[PlyCount "65"]
[EventDate "2023.03.16"]
[WhiteTeam "KPSRD KAREL JERAJ LJUBLJANA"]
[BlackTeam "SK VISNJA GORA - STICNA"]

1. e4 e5 2. Nf3 Nf6 3. Nxe5 Qe7 4. Nf3 Qxe4+ 5. Be2 Bd6 6. Nc3 Qb4 7. O-O Nc6
8. d4 O-O 9. a3 Qa5 10. Nb5 a6 11. Nxd6 cxd6 12. b4 Qf5 13. c4 d5 14. c5 Ne4
15. Bd3 Qf6 16. Bb2 d6 17. Qc2 Bf5 18. Qb3 Be6 19. a4 a5 20. b5 Nb4 21. cxd6
Rfd8 22. Ba3 Nxd3 23. Qxd3 Nxd6 24. Bxd6 Rxd6 25. Rac1 h5 26. Ne5 h4 27. Rc7
Rb8 28. Rfc1 Qg5 29. Qa3 h3 30. Qg3 Qxg3 31. hxg3 hxg2 32. Kxg2 g6 33. Re7
1/2-1/2

[Event "75. LJUBLJANSKA LIGA 2023"]
[Site " gostovanja"]
[Date "2023.03.16"]
[Round "8.3"]
[White "Kamensek, Ivan"]
[Black "Novakovic, Novica"]
[Result "1/2-1/2"]
[WhiteElo "1676"]
[BlackElo "1663"]
[PlyCount "50"]
[EventDate "2023.03.16"]
[WhiteTeam "SK VISNJA GORA - STICNA"]
[BlackTeam "KPSRD KAREL JERAJ LJUBLJANA"]

1. d4 c6 2. c4 d5 3. Nc3 Nf6 4. Nf3 e6 5. Bg5 Nbd7 6. e4 dxe4 7. Nxe4 Qa5+ 8.
Bd2 Bb4 9. Nd6+ Ke7 10. c5 Bxd2+ 11. Nxd2 Ne8 12. Qh5 g6 13. Qh4+ f6 14. N6c4
Qc7 15. Bd3 Kf7 16. O-O b6 17. b4 e5 18. Rfe1 b5 19. Ne3 exd4 20. Ng4 h5 21.
Re4 g5 22. Qh3 Ne5 23. Nxe5+ Qxe5 24. g4 Qc7 25. Rae1 Ng7 1/2-1/2

[Event "75. LJUBLJANSKA LIGA 2023"]
[Site " gostovanja"]
[Date "2023.03.16"]
[Round "8.4"]
[White "Vertacnik, Viktor"]
[Black "Zunic, Bostjan"]
[Result "0-1"]
[WhiteElo "1572"]
[BlackElo "1444"]
[PlyCount "70"]
[EventDate "2023.03.16"]
[WhiteTeam "KPSRD KAREL JERAJ LJUBLJANA"]
[BlackTeam "SK VISNJA GORA - STICNA"]

1. e4 e5 2. Nf3 Nc6 3. Bc4 h6 4. c3 Nf6 5. d3 Bc5 6. b4 Be7 7. b5 Na5 8. Nxe5
Nxc4 9. Nxc4 d5 10. Ncd2 dxe4 11. Nxe4 Nxe4 12. dxe4 Qxd1+ 13. Kxd1 O-O 14. Be3
Bf6 15. Kc2 Be6 16. Nd2 c6 17. bxc6 bxc6 18. a4 a5 19. Rab1 Rfb8 20. Rxb8+ Rxb8
21. Rb1 Rxb1 22. Nxb1 Bd8 23. Nd2 Kf8 24. f4 Bg4 25. Nc4 Be6 26. Bb6 Bxb6 27.
Nxb6 Ke7 28. f5 Bd7 29. Nc4 c5 30. Kb3 Bc6 31. e5 Bd5 32. g4 g6 33. h4 gxf5 34.
gxf5 h5 35. f6+ Ke6 0-1

[Event "75. LJUBLJANSKA LIGA 2023"]
[Site " gostovanja"]
[Date "2023.03.23"]
[Round "9.1"]
[White "Peric, Bernard"]
[Black "Jelen, Igor"]
[Result "1-0"]
[WhiteElo "2143"]
[BlackElo "2313"]
[PlyCount "77"]
[EventDate "2023.03.23"]
[WhiteTeam "SK ZAGORJE"]
[BlackTeam "SK IG"]

1. d4 Nf6 2. c4 g6 3. Nc3 d5 4. Nf3 Bg7 5. Bg5 Ne4 6. Bh4 Nxc3 7. bxc3 dxc4 8.
Qa4+ Qd7 9. Qxc4 O-O 10. e3 b6 11. Qb4 c5 12. Qa3 Nc6 13. Be2 e5 14. dxc5 Bb7
15. O-O h6 16. Rad1 Qc7 17. cxb6 axb6 18. Qd6 Rfc8 19. Bg3 Rxa2 20. Bc4 Ra4 21.
Bb3 Ra7 22. Qxg6 Kh8 23. Qf5 Ba6 24. Rfe1 Re8 25. Nd4 Nxd4 26. exd4 Bc8 27. Qd3
Ra3 28. Bc2 f5 29. Bxe5 Bxe5 30. Rxe5 Rxe5 31. dxe5 Rxc3 32. Qd8+ Qxd8 33.
Rxd8+ Kg7 34. Bd1 b5 35. f4 b4 36. Kf2 Be6 37. Rb8 b3 38. Ke1 Rd3 39. Rb4 1-0

[Event "75. LJUBLJANSKA LIGA 2023"]
[Site " gostovanja"]
[Date "2023.03.23"]
[Round "9.2"]
[White "Hiti, Domen"]
[Black "Benko, Bostjan"]
[Result "1-0"]
[WhiteElo "2236"]
[BlackElo "1879"]
[PlyCount "83"]
[EventDate "2023.03.23"]
[WhiteTeam "SK IG"]
[BlackTeam "SK ZAGORJE"]

1. d4 Nf6 2. c4 g6 3. Nc3 d5 4. cxd5 Nxd5 5. e4 Nxc3 6. bxc3 Bg7 7. Bc4 c5 8.
Ne2 O-O 9. O-O Nc6 10. Be3 cxd4 11. cxd4 Na5 12. Bd3 b6 13. Rc1 Bb7 14. Qa4 Qd6
15. Bf4 e5 16. Bd2 Bc6 17. Qb4 Qd7 18. d5 Rfc8 19. Ba6 Bb7 20. Bb5 Qd8 21. Qa4
a6 22. Bd3 Bc6 23. Qb4 Bf8 24. Qb2 Be8 25. Qxe5 Bg7 26. Qg3 Bb5 27. Bc3 Rxc3
28. Nxc3 Nc4 29. Nxb5 axb5 30. Bxc4 bxc4 31. Rxc4 Rxa2 32. Rfc1 Ra1 33. Qg4
Rxc1+ 34. Rxc1 f5 35. exf5 Qxd5 36. fxg6 hxg6 37. Qxg6 Qb7 38. Qe6+ Kh7 39. Rc4
Bh6 40. Qf5+ Kg7 41. Qe5+ Kg6 42. h4 1-0

[Event "75. LJUBLJANSKA LIGA 2023"]
[Site " gostovanja"]
[Date "2023.03.23"]
[Round "9.3"]
[White "Medvesek, Janez"]
[Black "Rozic, Adrijan"]
[Result "1/2-1/2"]
[WhiteElo "1825"]
[BlackElo "2067"]
[PlyCount "39"]
[EventDate "2023.03.23"]
[WhiteTeam "SK ZAGORJE"]
[BlackTeam "SK IG"]

1. e4 e6 2. b3 d5 3. Bb2 c5 4. exd5 exd5 5. Bb5+ Nc6 6. d4 Qa5+ 7. Nc3 cxd4 8.
Qxd4 Bd7 9. Bxc6 bxc6 10. Nf3 Qc5 11. Qxc5 Bxc5 12. Nxd5 Kf8 13. Ne3 f6 14. O-O
Ne7 15. Nc4 Be6 16. Nfd2 Rd8 17. Rad1 Kf7 18. h3 Bf5 19. c3 Bd3 20. Rfe1
1/2-1/2